World history, the human experience (Record no. 5360)
[ view plain ]
| 000 -LEADER | |
|---|---|
| fixed length control field | 00306nam a22000977a 4500 |
| 005 - DATE AND TIME OF LATEST TRANSACTION | |
| control field | 20250901165528.0 |
| 008 - FIXED-LENGTH DATA ELEMENTS--GENERAL INFORMATION | |
| fixed length control field | 210602b |||||||| |||| 00| 0 eng d |
| 050 ## - LIBRARY OF CONGRESS CALL NUMBER | |
| Classification number | D21 .F37 2003 |
| 245 ## - TITLE STATEMENT | |
| Title | World history, the human experience |
| Remainder of title | the early ages |
| Statement of responsibility, etc. | FARAH, MOUNIR A. |
| 942 ## - ADDED ENTRY ELEMENTS (KOHA) | |
| Source of classification or shelving scheme | Library of Congress Classification |
| Classification part | D21 .F37 2003 |
| Withdrawn status | Lost status | Source of classification or shelving scheme | Damaged status | Not for loan | Home library | Current library | Shelving location | Date acquired | Total checkouts | Full call number | Barcode | Date last seen | Price effective from | Koha item type |
|---|---|---|---|---|---|---|---|---|---|---|---|---|---|---|
| Library of Congress Classification | Main Library | Main Library | 06/02/2021 | D21 .F37 2003 | PIU0170474 | 06/02/2021 | 06/02/2021 | Books |